El Dret català i la codificació : report presentat al Consell permanent de la Mancomunitat de Catalunya / Oficina d'Estudis Jurídics report presentat al Consell permanent de la Mancomunitat de Catalunya / Oficina d'Estudis Jurídics

per Catalunya. Mancomunitat. Oficina d'Estudis Jurídics

Publicat: Barcelona : (Imp. Casa Caritat) , 1919
Descripció física: 103 p. ; 22 cm
Matèries: Dret català

MARC

LEADER 00000nam a2200000Ia 4500
001 419
008 160829s1919 xx 000 0 cat d
710 2 |a Catalunya.  |b Mancomunitat  |9 53015 
856 4 |u https://media.diba.cat/diba/fitxers/arxiu/mancomunitat/bib_419_1919_web.pdf  |y Accés lliure 
952 |0 0  |1 0  |4 0  |6 D176  |7 1  |9 44239  |a Arxiu  |b Arxiu  |d 2016-12-01  |l 0  |o D-1-76  |p 419  |r 2016-12-01 00:00:00  |w 2016-12-01  |y ARXIU 
999 |c 46819  |d 46819 
080 |a D-1-76 
100 |a Catalunya. Mancomunitat. Oficina d'Estudis Jurídics  |9 27010 
245 |a El Dret català i la codificació :  |b  report presentat al Consell permanent de la Mancomunitat de Catalunya / Oficina d'Estudis Jurídics 
260 |a Barcelona :  |b (Imp. Casa Caritat),  |c 1919 
300 |a 103 p. ;  |c 22 cm 
590 |a Hi ha un duplicat a: DUP-268 
650 |a Dret català  |9 27013 
901 |a Arxiu 
942 |n 1  |2 udc